000
00299nam a22001337a 4500
008
181009b xxu||||| |||| 00| 0 eng d
020
_a
9780131405479
041
_a
eng
080
_2
2nd
_a
339.138
100
_a
60
101
_a
MAR
245
_a
Marketing Management
_c
Winer,R.S
942
_2
udc
_c
BK
999
_c
49178
_d
49178